| 000 | 00424nam a2200157 a 4500 | ||
|---|---|---|---|
| 001 | 336 | ||
| 003 | CDMR | ||
| 005 | 20130403093453.0 | ||
| 008 | 130130s1980||||||||||||||||||||||||||||d | ||
| 020 | _a8474421640 | ||
| 040 |
_aCDMR _bcat _cCDMR |
||
| 100 | 1 |
_aColl-Vinent, Roberto _9227 |
|
| 245 | 1 | 0 |
_aBancos de datos _b: teoría de la teledocumentación _cRoberto Coll-Vinent |
| 260 |
_aBarcelona _cDL 1982 _bA.T.E. |
||
| 942 |
_cMON _2udc |
||
| 999 |
_c336 _d336 |
||